[Event "Lansing (MOR/4/37)"]
[Site "?"]
[Date "1996.??.??"]
[Round "?"]
[White "Paul, Dennis"]
[Black "Williams, Claude"]
[Result "1/2-1/2"]
[WhiteElo "1605"]
[BlackElo "1605"]
[PlyCount "124"]
[EventDate "1996.??.??"]

{4/(37)} 1. e4 Nf6 2. Nc3 e6 3. d4 d5 4. e5 Nfd7 5. Bd3 Bb4 6. Bd2 c5 7. Nf3
Nc6 8. a3 Ba5 9. dxc5 Ncxe5 10. Nxe5 Nxe5 11. Bb5+ Bd7 12. Bxd7+ Qxd7 13. f4
Nc6 14. b4 Bc7 15. Nb5 Bd8 16. Nd6+ Kf8 17. O-O f5 18. Qh5 Bf6 19. c3 Rb8 20.
Rae1 b6 21. Re2 bxc5 22. bxc5 Rb3 23. Rfe1 Nd8 24. Qxf5 Rb8 25. Rxe6 Nxe6 26.
Rxe6 Qa4 27. Rxf6+ Ke7 28. Qe6+ Kd8 29. Nf7+ Kc7 30. Qe7+ Qd7 31. Qxd7+ Kxd7
32. Nxh8 gxf6 33. Nf7 Rb3 34. Kf2 Rxa3 35. Ke3 Kc6 36. g4 Kxc5 37. g5 f5 38.
Nh6 d4+ 39. Kd3 dxc3 40. Bxc3 Ra2 41. h4 Rh2 42. Nxf5 Rh3+ 43. Kc2 Kd5 44. Be1
Ke4 45. Ne7 Kxf4 46. Nd5+ Kf5 47. Nf6 Kg6 48. Nd5 Kf7 49. Nf4 Rf3 50. Nd3 Rf5
51. Kb3 a6 52. Kc4 Ke6 53. Nc5+ Kd6 54. Nxa6 Rf4+ 55. Kb5 Rf5+ 56. Kb6 Rf1 57.
Bg3+ Ke6 58. Nc5+ Kf5 59. Kc6 Rf3 60. Be1 Rf1 61. Bg3 Rf3 62. Be1 Rf1 1/2-1/2

[Event "Lansing (MOR/2/51)"]
[Site "?"]
[Date "1996.??.??"]
[Round "?"]
[White "Paul, Dennis"]
[Black "Stark, A."]
[Result "1-0"]
[WhiteElo "1605"]
[BlackElo "1605"]
[PlyCount "21"]
[EventDate "1996.??.??"]

{2/(51)} 1. e4 e5 2. Nf3 Nc6 3. Bc4 Bb4 4. c3 Ba5 5. O-O Nf6 6. d3 d6 7. b4 Bb6
8. Bxf7+ Kxf7 9. Qb3+ Be6 10. Ng5+ Ke7 11. Qxe6+ 1-0

[Event "Ann Arbor (Ann Arbor Open, U1400/3)"]
[Site "?"]
[Date "1996.??.??"]
[Round "?"]
[White "Paul, Dennis"]
[Black "Sobh, Raed"]
[Result "1-0"]
[WhiteElo "1605"]
[BlackElo "1605"]
[PlyCount "63"]
[EventDate "1996.??.??"]

{1400/(3)} 1. e4 d5 2. exd5 Qxd5 3. Nc3 Qa5 4. Nf3 c6 5. Bc4 e6 6. d4 Nf6 7.
Bd2 Bb4 8. a3 Bd6 9. Nb5 Qd8 10. Nxd6+ Qxd6 11. Bb4 Qd8 12. Qe2 Nd5 13. Bxd5
cxd5 14. Ne5 f6 15. Qh5+ g6 16. Nxg6 Kd7 17. Nxh8 Qxh8 18. Qf7+ Kc6 19. Qe7 b6
20. Qd6+ Kb5 21. a4+ Ka6 22. Qc7 Qe8 23. a5 b5 24. b3 Qc6 25. Qxh7 Bb7 26. O-O
Nd7 27. Rfe1 e5 28. Qe7 e4 29. Re3 Qc7 30. Rc3 Qf4 31. Qe6+ Nb6 32. axb6# 1-0

[Event "Detroit (Class DE/3/19)"]
[Site "?"]
[Date "1996.??.??"]
[Round "?"]
[White "Paul, Dennis"]
[Black "Sobh, Raed"]
[Result "1-0"]
[WhiteElo "1605"]
[BlackElo "1605"]
[PlyCount "113"]
[EventDate "1996.??.??"]

{3/(19)} 1. e4 e5 2. Nf3 d6 3. Bc4 Be7 4. d3 Nh6 5. O-O O-O 6. Be3 Bg4 7. Nc3
c6 8. h3 b5 9. Bb3 b4 10. Na4 Bd7 11. c3 Na6 12. Qd2 c5 13. cxb4 cxb4 14. d4
exd4 15. Nxd4 Nc5 16. Nxc5 dxc5 17. Nf5 Nxf5 18. exf5 Bxf5 19. Bd5 Rc8 20. Rfe1
Be6 21. Bxe6 fxe6 22. Qc2 c4 23. Bxa7 c3 24. bxc3 bxc3 25. Rad1 Qc7 26. Bd4 Bf6
27. Rxe6 Bxd4 28. Rxd4 Rb8 29. Rh4 h6 30. Rhxh6 gxh6 31. Qg6+ Qg7 32. Qd3 Rb2
33. Rg6 c2 34. Rxg7+ Kxg7 35. Qc3+ Kg8 36. Qxb2 Rc8 37. Qb3+ Kf8 38. Qb4+ Ke8
39. Qe4+ Kd8 40. Qd3+ Ke7 41. Qa3+ Kd8 42. Qc1 Kc7 43. Qxc2+ Kb8 44. Qb3+ Ka8
45. a4 Rc1+ 46. Kh2 Rf1 47. f3 Ka7 48. a5 Ra1 49. Qb6+ Ka8 50. a6 Rxa6 51.
Qxa6+ Kb8 52. f4 Kc7 53. f5 Kd8 54. f6 Ke8 55. Qe6+ Kf8 56. Qe7+ Kg8 57. Qg7#
1-0

[Event "Ann Arbor (Ann Arbor Open, U1400/2)"]
[Site "?"]
[Date "1996.??.??"]
[Round "?"]
[White "Paul, Dennis"]
[Black "Pecot, Dave"]
[Result "0-1"]
[WhiteElo "1605"]
[BlackElo "1605"]
[PlyCount "86"]
[EventDate "1996.??.??"]

{1400/(2)} 1. e4 e5 2. Nf3 f5 3. Nc3 fxe4 4. Nxe4 d5 5. Ng3 Nc6 6. Bb5 Bg4 7.
d3 Qf6 8. h3 Bxf3 9. Qxf3 Qxf3 10. gxf3 Bc5 11. Nf5 g6 12. Ne3 Nge7 13. Ng4 O-O
14. c3 Rxf3 15. Bd2 Raf8 16. Rh2 h5 17. Ne3 d4 18. Nd1 dxc3 19. Bxc3 Bb4 20. a3
Bxc3+ 21. Nxc3 a6 22. Bc4+ Kg7 23. Ne4 b5 24. Ng5 R3f6 25. Ne6+ Rxe6 26. Bxe6
Nd4 27. O-O-O Nxe6 28. Kd2 Rf3 29. Rc1 c6 30. b4 Nd4 31. Rc3 Nd5 32. h4 Nxc3
33. Kxc3 Ne6 34. Kd2 Nf4 35. Ke1 Nxd3+ 36. Ke2 Rxf2+ 37. Rxf2 Nxf2 38. Kxf2 Kf6
39. Kf3 Kf5 40. Ke3 Kg4 41. Ke4 Kxh4 42. Kxe5 Kg3 43. Kf6 h4 0-1

[Event "Kalamazoo (MI Am/4/21)"]
[Site "?"]
[Date "1996.??.??"]
[Round "?"]
[White "Paul, Dennis"]
[Black "Neely, Richard"]
[Result "1/2-1/2"]
[WhiteElo "1605"]
[BlackElo "1605"]
[PlyCount "90"]
[EventDate "1996.??.??"]

{4/(21)} 1. Nf3 Nf6 2. c4 b6 3. d4 Bb7 4. Nc3 g6 5. d5 Bg7 6. e4 d6 7. Bd3 O-O
8. O-O c6 9. Be3 Ng4 10. Bd2 cxd5 11. Nxd5 Bxb2 12. Rb1 Bg7 13. h3 Nf6 14.
Nxf6+ Bxf6 15. Bg5 Bg7 16. Qd2 Re8 17. Bh6 Bh8 18. Ng5 Nd7 19. c5 Ne5 20. Qf4
e6 21. Bb5 Re7 22. Nxh7 Kxh7 23. Qh4 Kg8 24. Bg5 f6 25. Bxf6 Bxf6 26. Qxf6 Qf8
27. Qxf8+ Rxf8 28. cxd6 Ref7 29. f4 Rxf4 30. Rfd1 Bxe4 31. Rbc1 Rf2 32. Bf1 Bd5
33. Rc7 Rxa2 34. Re1 Rf5 35. Re7 Nc6 36. Rd7 Ne5 37. Rxe5 Rf8 38. Re7 Ra1 39.
d7 Raxf1+ 40. Kh2 Rd8 41. Re8+ Rf8 42. Re7 a5 43. Rg5 Be4 44. Rb5 Bc6 45. Rg5
Be4 1/2-1/2

[Event "Detroit (Class DE/1/10)"]
[Site "?"]
[Date "1996.??.??"]
[Round "?"]
[White "Paul, Dennis"]
[Black "Kyser, Bob"]
[Result "0-1"]
[WhiteElo "1605"]
[BlackElo "1605"]
[PlyCount "98"]
[EventDate "1996.??.??"]

{1/(10)} 1. e4 e5 2. Nf3 Nc6 3. Bc4 h6 4. Nc3 Nf6 5. O-O Be7 6. d4 d6 7. d5 Na5
8. Bb5+ c6 9. dxc6 bxc6 10. Ba4 Bb7 11. b4 Nc4 12. Bb3 Nb6 13. Be3 O-O 14. Qd2
Qc7 15. Nh4 Nxe4 16. Nxe4 Bxh4 17. Bxh6 d5 18. Bg5 Bxg5 19. Nxg5 Qe7 20. f4 Nc4
21. Qf2 f6 22. Nf3 Qxb4 23. fxe5 fxe5 24. Qh4 Qb6+ 25. Kh1 Rf4 26. Qh5 c5 27.
Nxe5 Rxf1+ 28. Rxf1 Nxe5 29. Qxe5 c4 30. Ba4 Rd8 31. Be8 Qd6 32. Bf7+ Kh8 33.
Qg5 Rf8 34. Rf4 Qh6 35. Rh4 Rxf7 36. Rxh6+ gxh6 37. Qxh6+ Kg8 38. Qg6+ Rg7 39.
Qe6+ Kh7 40. h4 d4 41. Qf5+ Kg8 42. Qe6+ Kh7 43. Qxc4 Rxg2 44. Qc7+ Rg7+ 45.
Qxb7 Rxb7 46. Kg2 Rb2 47. Kf3 Rxc2 48. Ke4 Rxa2 49. Kxd4 Rc2 0-1

[Event "Detroit (Class DE/5/10)"]
[Site "?"]
[Date "1996.??.??"]
[Round "?"]
[White "Paul, Dennis"]
[Black "Chia, L."]
[Result "1-0"]
[WhiteElo "1605"]
[BlackElo "1605"]
[PlyCount "63"]
[EventDate "1996.??.??"]

{5/(10)} 1. e4 c5 2. c4 Nc6 3. Nc3 e6 4. g3 Nd4 5. Bg2 Qc7 6. Nge2 b6 7. O-O
Be7 8. a3 Bb7 9. d3 Nf6 10. Nb5 Nxb5 11. cxb5 h5 12. h4 Ng4 13. f3 Nf6 14. Bf4
e5 15. Bg5 Nh7 16. Bxe7 Kxe7 17. f4 Nf6 18. fxe5 Ng4 19. Nf4 Qxe5 20. Qf3 Nf6
21. Nd5+ Bxd5 22. exd5 Kd8 23. d6 Rb8 24. b4 Qxd6 25. bxc5 Qxc5+ 26. Kh1 Qxb5
27. Rac1 Qb3 28. Qf4 Rc8 29. Bb7 Rxc1 30. Rxc1 Ke7 31. Re1+ Kf8 32. Qb8+ 1-0

[Event "Lansing (MOR/6/23)"]
[Site "?"]
[Date "1996.??.??"]
[Round "?"]
[White "Paul, Dennis"]
[Black "Carpenter, George"]
[Result "0-1"]
[WhiteElo "1605"]
[BlackElo "1605"]
[PlyCount "68"]
[EventDate "1996.??.??"]

{6/(23)} 1. e4 d6 2. d4 Nf6 3. Nc3 g6 4. Bc4 Bg7 5. f4 Nxe4 6. Nd5 c6 7. Nb4 d5
8. Bd3 Nf6 9. c3 O-O 10. Bc2 Bg4 11. Nf3 Qd7 12. Nd3 e5 13. Ndxe5 Qe7 14. O-O
Nbd7 15. Nxg4 Nxg4 16. Re1 Qd6 17. h3 Ngf6 18. Ne5 Rfe8 19. g4 Re7 20. a4 Rae8
21. b3 c5 22. Ba3 b6 23. b4 Qc7 24. bxc5 bxc5 25. Qf3 Re6 26. f5 Nxe5 27. Qf4
Nf3+ 28. Qxf3 Rxe1+ 29. Rxe1 Rxe1+ 30. Kg2 cxd4 31. Qf2 Qxc3 32. Bd6 Rc1 33.
Qh4 Rxc2+ 34. Kf1 Qf3+ 0-1

[Event "Kalamazoo (MI Am/2/19)"]
[Site "?"]
[Date "1996.??.??"]
[Round "?"]
[White "Paul, Dennis"]
[Black "Bassett, J."]
[Result "1-0"]
[WhiteElo "1605"]
[BlackElo "1605"]
[PlyCount "35"]
[EventDate "1996.??.??"]

{2/(19)} 1. Nf3 Nc6 2. c4 Nf6 3. d4 e5 4. Nc3 d6 5. e3 Be7 6. a3 O-O 7. d5 e4
8. dxc6 exf3 9. Qxf3 bxc6 10. Qxc6 Rb8 11. Qa4 d5 12. cxd5 Nxd5 13. Nxd5 Qxd5
14. Qxa7 Bb7 15. Qd4 Qa5+ 16. Bd2 Qb6 17. Bc3 Bc5 18. Qxg7# 1-0

[Event "Kalamazoo (MI Am/2/17)"]
[Site "?"]
[Date "1996.??.??"]
[Round "?"]
[White "Pash, S."]
[Black "Stockman, David"]
[Result "0-1"]
[WhiteElo "1605"]
[BlackElo "1615"]
[PlyCount "50"]
[EventDate "1996.??.??"]

{2/(17)} 1. c3 Nf6 2. Qc2 b6 3. d4 Bb7 4. Nf3 g6 5. b4 Bg7 6. Ng5 c5 7. Qb3 O-O
8. e3 cxb4 9. Qxb4 Nc6 10. Qb2 Qc7 11. Bc4 e6 12. Nf3 Na5 13. Bd3 Rfc8 14. Bd2
Nc4 15. Bxc4 Qxc4 16. Ne5 Qc7 17. O-O Ne4 18. Be1 Bxe5 19. dxe5 Qxe5 20. f4 Qc5
21. Nd2 Qxe3+ 22. Bf2 Qxd2 23. Qb4 Nxf2 24. Qd4 Nh3+ 25. gxh3 Qg2# 0-1

[Event "Kalamazoo (MI Am/4/18)"]
[Site "?"]
[Date "1996.??.??"]
[Round "?"]
[White "Pash, S."]
[Black "Lubben, Don"]
[Result "0-1"]
[WhiteElo "1605"]
[BlackElo "1875"]
[PlyCount "88"]
[EventDate "1996.??.??"]

{4/(18)} 1. c3 e5 2. Qc2 d5 3. d4 e4 4. e3 Be6 5. b4 f5 6. Ne2 g5 7. f3 Bd6 8.
Nd2 Nf6 9. c4 c6 10. Rb1 O-O 11. c5 Bc7 12. b5 exf3 13. Nxf3 Ne4 14. bxc6 Nxc6
15. Ne5 Ba5+ 16. Bd2 Bxd2+ 17. Kd1 Qa5 18. Ng3 Bxe3 19. Nxc6 bxc6 20. Ke2 Bxd4
21. Kf3 Qc3+ 22. Qxc3 Bxc3 23. Ne2 Nd2+ 24. Kf2 Nxb1 25. Nxc3 Nxc3 26. Bd3 Rab8
27. Re1 Rb2+ 28. Kf3 Ne4 29. a4 Nxc5 30. Re2 Rxe2 31. Bxe2 Nxa4 32. Ke3 Re8 33.
Kd2 Bc8 34. Kc2 Rxe2+ 35. Kb3 Rxg2 36. Kxa4 f4 37. Kb4 Rc2 38. Kb3 Bf5 39. h4
f3 40. hxg5 f2 41. g6 f1=Q 42. gxh7+ Kxh7 43. Kb4 Qb1+ 44. Ka3 Ra2# 0-1

[Event "Detroit (MI Team/2/4/4)"]
[Site "?"]
[Date "1996.??.??"]
[Round "?"]
[White "Parson, K."]
[Black "Henry, Robynne"]
[Result "0-1"]
[WhiteElo "1605"]
[BlackElo "1605"]
[PlyCount "72"]
[EventDate "1996.??.??"]

{2/4} 1. e4 e6 2. d4 d5 3. e5 Be7 4. c4 dxc4 5. Bxc4 Bg5 6. Bxg5 Qxg5 7. Qd2
Qxg2 8. d5 Qxh1 9. Qg5 Qe4+ 10. Be2 Qb4+ 11. Nc3 Qxb2 12. Qc1 Qxc1+ 13. Rxc1
exd5 14. Nxd5 Kd7 15. Rxc7+ Kd8 16. Rxf7 Be6 17. Nc7 Bxf7 18. Nxa8 Bxa2 19. Nf3
Ne7 20. Ng5 Nbc6 21. Nf7+ Bxf7 22. Bf3 Nxe5 23. Bxb7 Kd7 24. f4 Nf3+ 25. Bxf3
Bd5 26. Bxd5 Nxd5 27. f5 Rxa8 28. Ke2 a5 29. Kd3 a4 30. Kc4 a3 31. Kxd5 a2 32.
Ke5 a1=Q+ 33. Kf4 Ra4+ 34. Kg5 Qg1+ 35. Kh5 h6 36. f6 Qg5# 0-1

[Event "Detroit (WCO/1/11)"]
[Site "?"]
[Date "1996.??.??"]
[Round "?"]
[White "Parker, Harvard"]
[Black "Wright, Ken"]
[Result "0-1"]
[WhiteElo "1605"]
[BlackElo "1615"]
[PlyCount "106"]
[EventDate "1996.??.??"]

{1/(11)} 1. e4 d6 2. d4 Nf6 3. Nc3 h6 4. Nf3 e6 5. Bf4 Be7 6. d5 exd5 7. exd5
Bg4 8. Be2 Bxf3 9. Bxf3 Nbd7 10. O-O g5 11. Be3 Ne5 12. Ne4 Nxf3+ 13. Qxf3 Nxd5
14. Qh5 Nf4 15. Bxf4 gxf4 16. Rfe1 Kf8 17. Rad1 Qd7 18. Rd5 Rh7 19. Red1 Qe6
20. Re1 Rg7 21. Kf1 c6 22. Rf5 Bg5 23. Ra5 Qc4+ 24. Re2 Qd4 25. Nxg5 Qd1+ 26.
Re1 Qxh5 27. Ne6+ fxe6 28. Rxh5 Rg6 29. c4 d5 30. Rh4 Rf6 31. cxd5 cxd5 32. Re5
Ke7 33. Re2 Kd6 34. b4 e5 35. Ke1 e4 36. Rh5 Rd8 37. Kd2 Rg8 38. f3 e3+ 39. Kd3
b5 40. g3 Rg5 41. Rh4 fxg3 42. hxg3 Rxg3 43. Rxe3 Rg2 44. a3 Ra2 45. Kd4 Rc2
46. Kd3 Rc4 47. Rh5 d4 48. Rxb5 dxe3 49. Kxc4 e2 50. Rb8 e1=Q 51. Rd8+ Kc7 52.
Rd3 Rf4+ 53. Kc5 a6 0-1

[Event "Lansing (MOR/4/30)"]
[Site "?"]
[Date "1996.??.??"]
[Round "?"]
[White "Parker, Harvard"]
[Black "Serwatowski, Felix"]
[Result "1-0"]
[WhiteElo "1605"]
[BlackElo "1605"]
[PlyCount "85"]
[EventDate "1996.??.??"]

{4/(30)} 1. d4 d5 2. e4 c6 3. Nc3 dxe4 4. Nxe4 Bf5 5. Ng3 Bg6 6. Nf3 h6 7. h4
Bh7 8. Bd3 Bxd3 9. Qxd3 Nf6 10. Bd2 e6 11. O-O-O Ng4 12. Be3 Be7 13. Ne4 Qd5
14. Nc3 Qd7 15. h5 Bb4 16. Rh3 Nxe3 17. fxe3 Bxc3 18. Qxc3 Qd5 19. Kb1 Nd7 20.
Qa3 Nc5 21. c4 Qe4+ 22. Ka1 Qc2 23. Rhh1 Nd7 24. Qd3 Qxg2 25. Rdf1 O-O-O 26.
Nh4 Qg5 27. Qa3 Rhf8 28. Nf3 Qg4 29. Qxa7 Qe4 30. Qa3 Kc7 31. Rh4 Qc2 32. Qa5+
Nb6 33. c5 Ra8 34. Qxb6+ Kc8 35. Ne5 Ra6 36. Qb4 Kc7 37. a3 f6 38. Qc4 Qg2 39.
Rhf4 Rfa8 40. R4f2 Qe4 41. Qxe6 fxe5 42. Rf7+ Kb8 43. Rxb7+ 1-0

[Event "Detroit (WCO/4/11)"]
[Site "?"]
[Date "1996.??.??"]
[Round "?"]
[White "Parker, Harvard"]
[Black "McNeil, Yaking"]
[Result "0-1"]
[WhiteElo "1605"]
[BlackElo "1605"]
[PlyCount "46"]
[EventDate "1996.??.??"]

{4/(11)} 1. e4 c5 2. c3 Nc6 3. d4 cxd4 4. cxd4 d5 5. Nc3 dxe4 6. Nxe4 Qxd4 7.
Qxd4 Nxd4 8. Bd3 g6 9. Be3 Bg7 10. Rc1 Nh6 11. b3 O-O 12. Ne2 Nhf5 13. Bd2 Rd8
14. Bc2 Nxe2 15. Kxe2 Nd4+ 16. Ke1 Bf5 17. Be3 Nxc2+ 18. Rxc2 Bxe4 19. Rc7 Bxg2
20. Rg1 Bf3 21. Rc1 Rd3 22. a4 Bc3+ 23. Bd2 Bxd2+ 0-1

[Event "Detroit (WCO/3/14)"]
[Site "?"]
[Date "1996.??.??"]
[Round "?"]
[White "Parker, Harvard"]
[Black "Koo, M."]
[Result "1-0"]
[WhiteElo "1605"]
[BlackElo "1605"]
[PlyCount "49"]
[EventDate "1996.??.??"]

{3/(14)} 1. e4 e5 2. Nf3 Nc6 3. c3 Nf6 4. d4 exd4 5. e5 Ng4 6. cxd4 Qe7 7. Nc3
d6 8. Qa4 Bd7 9. Bb5 dxe5 10. Nd5 Qd6 11. Bc4 Nxd4 12. Qd1 Nxf3+ 13. Qxf3 f6
14. Bd2 c6 15. Bb4 c5 16. Ba5 Rc8 17. h3 Nh6 18. Qh5+ g6 19. Qf3 Bg7 20. g4 Rf8
21. O-O-O Bc6 22. Qe3 Qb8 23. Qxc5 Bxd5 24. Qxd5 b6 25. Qd7# 1-0

[Event "Lansing (MOR/2/39)"]
[Site "?"]
[Date "1996.??.??"]
[Round "?"]
[White "Parker, Harvard"]
[Black "Crysler, Jerry"]
[Result "1/2-1/2"]
[WhiteElo "1605"]
[BlackElo "1605"]
[PlyCount "96"]
[EventDate "1996.??.??"]

{2/(39)} 1. d4 e6 2. e4 d6 3. Nf3 Ne7 4. Bg5 f6 5. Bh4 Ng6 6. Bg3 Nd7 7. Bc4
Nb6 8. Bb3 Be7 9. O-O O-O 10. Nh4 Nxh4 11. Bxh4 Kh8 12. Nd2 Rf7 13. c3 g5 14.
Bg3 Rg7 15. e5 f5 16. exd6 cxd6 17. h3 g4 18. hxg4 Rxg4 19. Qe1 Qg8 20. Bd1 Rg5
21. c4 Bf6 22. Bf3 Bxd4 23. Bxd6 Bxb2 24. Kh2 Qf7 25. Be5+ Bxe5+ 26. Qxe5+ Qg7
27. Qxg7+ Kxg7 28. Rfe1 Rb8 29. c5 Na4 30. Nb3 f4 31. c6 bxc6 32. Bxc6 Nc5 33.
Re2 Kf6 34. g3 fxg3+ 35. fxg3 Nxb3 36. axb3 a6 37. Rf1+ Rf5 38. Rxf5+ exf5 39.
Re8 Kf7 40. Bd7 Rxb3 41. Rxc8 Rb2+ 42. Kh3 Kf6 43. Ra8 Ra2 44. Bc8 a5 45. Ra6+
Kg5 46. Ra7 Ra3 47. Rxh7 f4 48. Rg7+ Kf6 1/2-1/2

[Event "Lansing (MOR/7/18)"]
[Site "?"]
[Date "1996.??.??"]
[Round "?"]
[White "Parker, Harvard"]
[Black "Carpenter, George"]
[Result "1-0"]
[WhiteElo "1605"]
[BlackElo "1605"]
[PlyCount "41"]
[EventDate "1996.??.??"]

{7/(18)} 1. d4 d5 2. e4 dxe4 3. Nc3 Nf6 4. f3 exf3 5. Nxf3 Bg4 6. h3 Bxf3 7.
Qxf3 c6 8. Be3 e6 9. Bd3 Bb4 10. O-O Nbd7 11. Qg3 e5 12. Qxg7 Rg8 13. Qh6 Qc7
14. Rxf6 exd4 15. Bxd4 O-O-O 16. Rf2 Ne5 17. Bxe5 Qxe5 18. Qf4 Bxc3 19. Bf5+
Rd7 20. Bxd7+ Kxd7 21. Qxf7+ 1-0

[Event "Detroit (Class DE/4/11)"]
[Site "?"]
[Date "1996.??.??"]
[Round "?"]
[White "Parker, Dean"]
[Black "Threloff, N."]
[Result "0-1"]
[WhiteElo "1605"]
[BlackElo "1605"]
[PlyCount "58"]
[EventDate "1996.??.??"]

{4/(11)} 1. e4 e5 2. Nf3 Nc6 3. Bc4 Nf6 4. Nc3 Be7 5. d3 O-O 6. b3 d6 7. Be3
Bg4 8. O-O Nd4 9. Bxd4 exd4 10. Nb5 c5 11. Re1 a6 12. Na3 Qa5 13. Nb1 Rfe8 14.
e5 dxe5 15. Rxe5 Bd6 16. Rxe8+ Rxe8 17. Nbd2 b5 18. Ne4 Nxe4 19. Bd5 Nc3 20.
Qd2 Bxf3 21. gxf3 Ne2+ 22. Qxe2 Rxe2 23. Kf1 Qd2 24. Rd1 Qxd1+ 25. Kg2 Qxc2 26.
b4 Rxf2+ 27. Kg1 Rg2+ 28. Kh1 Rxh2+ 29. Kg1 Qg2# 0-1

[Event "Detroit (Class DE/1/14)"]
[Site "?"]
[Date "1996.??.??"]
[Round "?"]
[White "Parker, Dean"]
[Black "Mitchell, Dave"]
[Result "1/2-1/2"]
[WhiteElo "1605"]
[BlackElo "1605"]
[PlyCount "59"]
[EventDate "1996.??.??"]

{1/(14)} 1. e4 d6 2. Nc3 Nf6 3. Bc4 c6 4. d3 Qa5 5. Bd2 e6 6. Nd5 Qd8 7. Nc3 d5
8. exd5 exd5 9. Bb3 Bd6 10. Nf3 Bg4 11. h3 Bh5 12. Qe2+ Be7 13. Bg5 O-O 14. O-O
Re8 15. Qe5 Bxf3 16. gxf3 Nbd7 17. Qf5 Bd6 18. Bxf6 Nxf6 19. Rfe1 Qb6 20. Qg5
Qd4 21. Rab1 Bb4 22. Ne2 Qb6 23. c3 Bd6 24. d4 Re6 25. Nf4 Bxf4 26. Qxf4 Rae8
27. Rxe6 Rxe6 28. h4 Qd8 29. Qg5 Qe8 30. Kf1 1/2-1/2

[Event "Detroit (Class DE/2/11)"]
[Site "?"]
[Date "1996.??.??"]
[Round "?"]
[White "Parker, Dean"]
[Black "Belill, Nathan"]
[Result "0-1"]
[WhiteElo "1605"]
[BlackElo "1605"]
[PlyCount "72"]
[EventDate "1996.??.??"]

{2/(11)} 1. e4 e5 2. Nf3 Nc6 3. Bb5 a6 4. Bxc6 dxc6 5. Nc3 Bg4 6. b3 Nf6 7. Bb2
Bb4 8. d3 O-O 9. O-O Bxf3 10. Qxf3 Qd4 11. Na4 Qd6 12. Qf5 Rfe8 13. Rfd1 b5 14.
a3 Bc5 15. Nxc5 Qxc5 16. c3 Rad8 17. a4 Qd6 18. d4 exd4 19. Rxd4 Qe7 20. Rxd8
Qxd8 21. c4 Nxe4 22. Qg4 Nf6 23. Qg5 h6 24. axb5 hxg5 25. bxa6 Qe7 26. Bc3 Ne4
27. Ba5 Nxf2 28. Kxf2 Qe2+ 29. Kg1 Qe5 30. Re1 Qd4+ 31. Kf1 Qf4+ 32. Kg1 Rxe1+
33. Bxe1 Qe3+ 34. Bf2 Qxb3 35. Bg3 Qc3 36. Bxc7 Qe1# 0-1

[Event "Detroit (WCO/4/17)"]
[Site "?"]
[Date "1996.??.??"]
[Round "?"]
[White "Parker, D."]
[Black "Yancey, Seleana"]
[Result "1-0"]
[WhiteElo "1605"]
[BlackElo "1605"]
[PlyCount "113"]
[EventDate "1996.??.??"]

{4/(17)} 1. e4 e5 2. Nf3 Nc6 3. Bc4 Nf6 4. d3 Bc5 5. Bg5 h6 6. Bh4 O-O 7. Nc3
Bb4 8. O-O d6 9. h3 Nd4 10. Nxd4 exd4 11. Nd5 g5 12. Nxf6+ Qxf6 13. Bg3 c6 14.
Qc1 b5 15. Bb3 Bb7 16. f4 Qg7 17. fxg5 hxg5 18. Rf5 Qh6 19. Rxg5+ Kh7 20. Rf5
Qxc1+ 21. Rxc1 f6 22. c3 dxc3 23. bxc3 Ba3 24. Rcf1 Kg6 25. Bh4 d5 26. exd5
cxd5 27. Bxd5 Bxd5 28. Rxd5 a6 29. Rdf5 Be7 30. g4 Rae8 31. Kg2 Rf7 32. g5 Ref8
33. gxf6 Bxf6 34. Rxf6+ Rxf6 35. Rxf6+ Rxf6 36. Bxf6 Kxf6 37. Kg3 Kg5 38. d4
Kf5 39. d5 Ke5 40. Kg4 Kxd5 41. Kg5 Ke6 42. Kg6 Ke5 43. h4 Kf4 44. h5 Kg4 45.
h6 Kf4 46. h7 Ke5 47. h8=Q+ Ke4 48. Qa8+ Kd3 49. Qxa6 Kxc3 50. Qxb5 Kd4 51. Kf5
Ke3 52. Qb4 Kd3 53. Kf4 Ke2 54. Qb3 Kf2 55. Qc2+ Ke1 56. Kf3 Kf1 57. Qd1# 1-0

[Event "Detroit (WCO/2/10)"]
[Site "?"]
[Date "1996.??.??"]
[Round "?"]
[White "Parker, D."]
[Black "West, Tony"]
[Result "0-1"]
[WhiteElo "1605"]
[BlackElo "1625"]
[PlyCount "90"]
[EventDate "1996.??.??"]

{2/(10)} 1. e4 c5 2. Nf3 Nc6 3. Bc4 d6 4. Nc3 e6 5. Bb5 Bd7 6. d3 Nf6 7. Bg5
Be7 8. O-O O-O 9. Qd2 a6 10. Bc4 b5 11. Bb3 h6 12. Bh4 b4 13. Ne2 Nh7 14. Bxe7
Nxe7 15. c3 a5 16. Bc2 e5 17. d4 Bg4 18. Qe3 Bxf3 19. Qxf3 exd4 20. cxd4 c4 21.
b3 c3 22. Rad1 Ng5 23. Qf4 Ng6 24. Qf5 Qe7 25. Nf4 Nxf4 26. Qxf4 Rfe8 27. f3
Ne6 28. Qf5 g6 29. Qb5 Reb8 30. Qe2 Qg5 31. g3 Nf4 32. Qe1 d5 33. h4 Ne2+ 34.
Kf2 Qxg3+ 35. Kxe2 Qh2+ 36. Qf2 Qf4 37. exd5 Re8+ 38. Kd3 Qf5+ 39. Kc4 Rac8+
40. Kb5 Qxd5+ 41. Ka4 Qc6+ 42. Kxa5 Rb8 43. Bd3 Qb6+ 44. Ka4 Qa7+ 45. Ba6 Qxa6#
0-1

[Event "Detroit (WCO/5/15)"]
[Site "?"]
[Date "1996.??.??"]
[Round "?"]
[White "Parker, D."]
[Black "Parker, Harvard"]
[Result "0-1"]
[WhiteElo "1605"]
[BlackElo "1605"]
[PlyCount "52"]
[EventDate "1996.??.??"]

{5/(15)} 1. e4 e5 2. Nf3 Nc6 3. Bc4 Bc5 4. d3 d6 5. O-O Bg4 6. h3 Bh5 7. Re1
Nd4 8. Nbd2 Nf6 9. c3 Nxf3+ 10. Nxf3 O-O 11. Bg5 Re8 12. d4 exd4 13. cxd4 Bb4
14. Re3 h6 15. Bh4 g5 16. Bg3 Nxe4 17. Bd5 Nxg3 18. Rxe8+ Qxe8 19. fxg3 c6 20.
Qb3 cxd5 21. Qxb4 Rc8 22. Qxd6 Bxf3 23. gxf3 Rc2 24. Qxh6 Qe3+ 25. Kh1 Qxf3+
26. Kg1 Qg2# 0-1

[Event "Howell (US Am N/6/15)"]
[Site "?"]
[Date "1996.??.??"]
[Round "?"]
[White "Pagel, R."]
[Black "Robbins, Fred"]
[Result "1/2-1/2"]
[WhiteElo "1705"]
[BlackElo "1920"]
[PlyCount "93"]
[EventDate "1996.??.??"]

{6/(15)} 1. c4 c5 2. g3 g6 3. Nc3 Bg7 4. d3 d6 5. Bg2 Nc6 6. Bd2 Bd7 7. Rb1 Rb8
8. a3 a5 9. Nf3 Nf6 10. O-O O-O 11. Nb5 Ne8 12. Bg5 h6 13. Bf4 e5 14. Bd2 Nd4
15. Nfxd4 exd4 16. a4 Bc6 17. Qe1 Bxg2 18. Kxg2 b6 19. e3 dxe3 20. Bxe3 d5 21.
Bf4 Rb7 22. Qd1 d4 23. Qf3 Rd7 24. Rfe1 g5 25. Bd2 Nd6 26. Nxd6 Rxd6 27. Kg1
Re8 28. Rxe8+ Qxe8 29. b3 Re6 30. Kf1 Rf6 31. Qe2 Qd7 32. Re1 Qf5 33. Kg1 Re6
34. Qf1 Rxe1 35. Bxe1 Qf3 36. Bd2 Bf6 37. h4 Kg7 38. hxg5 hxg5 39. Kh2 Kg6 40.
Bc1 Be5 41. Kg1 f6 42. Bd2 f5 43. Qe1 Bf6 44. Qe8+ Kg7 45. Qd7+ Kg6 46. Qe8+
Kg7 47. Qd7+ 1/2-1/2

[Event "Howell (US Am N/3/30)"]
[Site "?"]
[Date "1996.??.??"]
[Round "?"]
[White "Pagel, R."]
[Black "Mann, G."]
[Result "1-0"]
[WhiteElo "1705"]
[BlackElo "1605"]
[PlyCount "81"]
[EventDate "1996.??.??"]

{3/(30)} 1. Nf3 c6 2. c4 d5 3. e3 Bg4 4. Be2 Nf6 5. d4 e6 6. Qb3 Qb6 7. Qxb6
axb6 8. Nc3 dxc4 9. Bxc4 Bxf3 10. gxf3 Nbd7 11. e4 e5 12. d5 b5 13. Be2 b4 14.
dxc6 bxc6 15. Nd1 Bc5 16. Rg1 g6 17. Ne3 Bxe3 18. Bxe3 c5 19. Bh6 Ke7 20. Bc4
Nb6 21. Bb5 Rhd8 22. Be3 Rdc8 23. Ke2 Ra5 24. Bd3 Nfd7 25. Bd2 Ra7 26. a3 Rca8
27. Bc1 c4 28. Bc2 Nc5 29. Be3 Nbd7 30. Rgd1 Ra6 31. Rd5 Rc8 32. Rad1 bxa3 33.
bxa3 f6 34. a4 Nxa4 35. Rxd7+ Ke8 36. Bxa4 Rxa4 37. Rxh7 Ra2+ 38. Rd2 Raa8 39.
Rdd7 c3 40. Bh6 Rd8 41. Rhe7# 1-0

[Event "Howell (US Am N/1/38)"]
[Site "?"]
[Date "1996.??.??"]
[Round "?"]
[White "Pagel, R."]
[Black "Goerke, Jesse"]
[Result "1-0"]
[WhiteElo "1705"]
[BlackElo "1605"]
[PlyCount "79"]
[EventDate "1996.??.??"]

{1/(38)} 1. Nf3 c5 2. g3 d6 3. Bg2 Nc6 4. c4 g6 5. O-O Bg7 6. Nc3 Nf6 7. Rb1
Bg4 8. a3 O-O 9. b4 b6 10. Ng5 Qd7 11. b5 Nd4 12. Bxa8 Rxa8 13. f3 h6 14. fxg4
hxg5 15. e3 Nxg4 16. exd4 Bxd4+ 17. Kg2 Qb7+ 18. Qf3 Qxf3+ 19. Rxf3 Ne5 20. Rf1
Nxc4 21. Ne4 f6 22. Nc3 Kf7 23. Ne2 Be5 24. d3 Na5 25. Bxg5 a6 26. Bf4 Bxf4 27.
Nxf4 g5 28. Nd5 Ke6 29. Nc7+ Kd7 30. Nxa8 axb5 31. Nxb6+ Kc6 32. Nc8 Kd7 33.
Na7 e5 34. Rxb5 Nc6 35. Nxc6 Kxc6 36. Rb2 d5 37. Rxf6+ Kd7 38. Rb7+ Kc8 39. Rh7
Kd8 40. Rf8# 1-0